00301nam a2200097Ia 4500008004100000245007000041245002100111260000900132650001400141856004800155171211s9999 xx 000 0 und d 4aThe Asian Financial Crisis and the Architecture of Global Finance cGeoffrey Brennan c2000 xEconomics uhttp://down.ebook777.com/065/0521790913.pdf